000
00314nam a22001337a 4500
008
171016b xxu||||| |||| 00| 0 eng d
020
_a
9780324260342
041
_a
eng
080
_2
3 ED
_a
33
100
_a
52
101
_a
ECO
245
_a
ECONOMICS PRINCIPLES AND APPLICATION
_c
HALL.R.E
942
_2
udc
_c
BK
999
_c
34095
_d
34095